Words Pertaining to Things #4 - Statistics

General Stats
  • This quiz has been taken 401 times
  • The average score is 12 of 24
Answer Stats
Word Pertains to... % Correct
Equestrian Horse
93%
Racial Race
93%
Futuristic Future
91%
Juvenile Young
88%
Spatial Space
86%
Glacial Ice
80%
Spherical Sphere
76%
Maritime Sea
74%
Igneous Lava
64%
Temporal Time
61%
Infernal Hell
52%
Mnemonic Memory
52%
Inflammatory Swelling
44%
Judicial Justice
42%
Boreal North
41%
Graphic Image
40%
Invernal Winter
35%
Pictorial Painting
30%
Fluvial River
28%
Auric Gold
21%
Aestival Summer
18%
Apical Apex
13%
Lacustrine Lake
11%
Radical Root
11%
No matching quizzes found
Score Distribution
Percent of People with Each Score
Percentile by Number Answered
Your Score History
You have not taken this quiz